Every Roller Coaster by RMC - Statistics

General Stats
  • This quiz has been taken 233 times
  • The average score is 22 of 26
Answer Stats
Answer Year Park % Correct
New Texas Giant 2011 Six Flags Over Texas
96%
Outlaw Run 2013 Silver Dollar City
95%
Steel Vengeance 2018 Cedar Point
95%
Lightning Rod 2016 Dollywood
94%
Twisted Colossus 2015 Six Flags Magic Mountain
94%
Iron Gwazi 2022 Busch Gardens Tampa
93%
Iron Rattler 2013 Six Flags Fiesta Texas
93%
The Joker 2016 Six Flags Discovery Kingdom
90%
Twisted Timbers 2018 Kings Dominion
90%
Wildcat's Revenge 2023 Hersheypark
89%
Twisted Cyclone 2018 Six Flags Over Georgia
88%
Zadra 2019 Energylandia
86%
ArieForce One 2023 Fun Spot Atlanta
85%
Jersey Devil Coaster 2021 Six Flags Great Adventure
84%
Wildfire 2016 Kolmården
84%
Goliath 2014 Six Flags Great America
83%
Medusa Steel Coaster 2014 Six Flags Mexico
82%
Storm Chaser 2016 Kentucky Kingdom
82%
Hakugei 2019 Nagashima Spa Land
79%
Untamed 2019 Walibi Holland
79%
RailBlazer 2018 California's Great America
78%
Wicked Cyclone 2015 Six Flags New England
78%
Stunt Pilot 2021 Silverwood Theme Park
73%
Wonder Woman Golden Lasso Coaster 2018 Six Flags Fiesta Texas
73%
Fire In The Hole 2024 Silver Dollar City
67%
Wonder Woman Flight of Courage 2022 Six Flags Magic Mountain
62%
No matching quizzes found
Score Distribution
Percent of People with Each Score
Percentile by Number Answered
Your Score History
You have not taken this quiz